00924nam a2200241Ia 4500003000400000005001700004008004100021020001800062040001800080041000800098082002500106100003000131245007000161250001200231260006600243300003100309650004400340650003500384650003600419942003400455999001900489952017400508OSt20250129102925.0210716s2003 xx 000 0 und d a9780070483118 cAIMIT LIBRARY aeng a006.620288 22bGOVB aGovindarajalu, B.9195901 aIBM PC and troubleshooting and maintenance /cBy B Govindarajalu. a2nd ed. aNew Delhi :bTata McGraw Hill Publishing Company Ltd ,c2003. axxxix,963p. ;bHBc25.4 cm aBasic concepts and architecture9195902 aPC hardware components9195903 aCircuits and subsystems9195904 2ddccBKe1stk006.620288 GOVB c186422d186422 00102ddc40708MCAaAIMITbAIMITePremier Bookshopg595.00iBill no:061/J n/2004; Bill dt:20l0o006.620288 GOVBpMCA05930r2026-05-23 00:00:00v476.00w2021-07-16yBK